<?xml version="1.0" encoding="UTF-8"?>
<record
    xmlns:xsi="http://www.w3.org/2001/XMLSchema-instance"
    xsi:schemaLocation="http://www.loc.gov/MARC21/slim http://www.loc.gov/standards/marcxml/schema/MARC21slim.xsd"
    xmlns="http://www.loc.gov/MARC21/slim">

  <leader>02327nam a2200373Ia 4500</leader>
  <controlfield tag="001">dia_4454</controlfield>
  <controlfield tag="003">CHAP</controlfield>
  <controlfield tag="005">20240503105620.0</controlfield>
  <controlfield tag="007">ta</controlfield>
  <controlfield tag="008">220117s2016    mx abdofr     001 0 spa d</controlfield>
  <datafield tag="040" ind1=" " ind2=" ">
    <subfield code="c">CHAP</subfield>
    <subfield code="a">mxchpua</subfield>
  </datafield>
  <datafield tag="090" ind1=" " ind2=" ">
    <subfield code="a">T.C.707 </subfield>
    <subfield code="b">R36  SAI </subfield>
    <subfield code="c">2016</subfield>
  </datafield>
  <datafield tag="245" ind1="1" ind2="0">
    <subfield code="a">Sistema agroindustrial c&#xED;tricos en la regi&#xF3;n citr&#xED;cola de Nuevo Le&#xF3;n /</subfield>
    <subfield code="c">coordinador C&#xE9;sar Ram&#xED;rez Santiago ; colaboradores Joel Cruz Cruz...[et al.]</subfield>
  </datafield>
  <datafield tag="260" ind1=" " ind2=" ">
    <subfield code="a">M&#xE9;xico :</subfield>
    <subfield code="b">El autor,</subfield>
    <subfield code="c">2016</subfield>
  </datafield>
  <datafield tag="300" ind1=" " ind2=" ">
    <subfield code="a">cerca 100 hojas :</subfield>
    <subfield code="b">ilustraciones, mapas, gr&#xE1;ficas, diagramas, tablas, fotos +</subfield>
    <subfield code="e">1 CD-ROM</subfield>
  </datafield>
  <datafield tag="336" ind1=" " ind2=" ">
    <subfield code="2">rdacontent</subfield>
    <subfield code="a">texto</subfield>
    <subfield code="b">txt</subfield>
  </datafield>
  <datafield tag="337" ind1=" " ind2=" ">
    <subfield code="2">rdamedia</subfield>
    <subfield code="a">no mediado</subfield>
    <subfield code="b">n</subfield>
  </datafield>
  <datafield tag="338" ind1=" " ind2=" ">
    <subfield code="2">rdacarrier</subfield>
    <subfield code="a">volumen</subfield>
    <subfield code="b">nc</subfield>
  </datafield>
  <datafield tag="500" ind1=" " ind2=" ">
    <subfield code="a">Grado 6&#xB0;
El CD contiene reporte
Incluye directorio
</subfield>
  </datafield>
  <datafield tag="502" ind1=" " ind2=" ">
    <subfield code="a">Viaje de estudios </subfield>
    <subfield code="b">(SAI) -- </subfield>
    <subfield code="c">UACh. Departamento de Ingenier&#xED;a Agroindustrial, </subfield>
    <subfield code="d">2016</subfield>
  </datafield>
  <datafield tag="504" ind1=" " ind2=" ">
    <subfield code="a">Incluye bibliograf&#xED;a</subfield>
  </datafield>
  <datafield tag="505" ind1=" " ind2=" ">
    <subfield code="a">Empresas visitadas: </subfield>
    <subfield code="t">1. Empacadora de frutas de M&#xE9;xico, S. A. de C. V. -- 
2. Exportadora de frutas y legumbres Tres Ases, S. A. de C. V. -- 
3. Fedeicomisos Instituidos en relaci&#xF3;n con la agricultura -- 
4. Orval Kent de Linares, S. A. de C. V. -- 
5. Juguera Allende, S. A. de C. V. -- 
6. Vivero Las Parcelas -- 
7. Vivero de Le&#xF3;n -- 
8. Consejo Citr&#xED;cola de Nuevo Le&#xF3;n -- 
9. Huerto de Industrias Citr&#xED;colas de Montemorelos, S. A. de C. V. -- 
10. Campo Experimental General Ter&#xE1;n -- 
11. CESAVENL (Comit&#xE9; Estatal de Sanidad Vegetal de Nuevo Le&#xF3;n -- 
12. Empacadora de Naranjas Azteca, S. A. de C. V. -- 
13. Empacadora de Naranjas M&#xE9;xico Valle del Pil&#xF3;n, S. A. de C. V. -- 
14. Fondo de Aseguramiento Agr&#xED;cola Citricultores de Nuevo Le&#xF3;n -- 
15. Industria citr&#xED;cola de Montemorelos, S. A. de C. V.</subfield>
  </datafield>
  <datafield tag="650" ind1="1" ind2="3">
    <subfield code="a">Frutos c&#xED;tricos</subfield>
    <subfield code="x">Industria y comercio</subfield>
    <subfield code="9">152232</subfield>
    <subfield code="z">M&#xE9;xico</subfield>
    <subfield code="z">Nuevo Le&#xF3;n</subfield>
  </datafield>
  <datafield tag="650" ind1="1" ind2="3">
    <subfield code="a">Citrus fruits</subfield>
    <subfield code="x">Industry and trade</subfield>
    <subfield code="9">152231</subfield>
    <subfield code="z">Mexico</subfield>
    <subfield code="z">Nuevo Le&#xF3;n</subfield>
  </datafield>
  <datafield tag="700" ind1="1" ind2=" ">
    <subfield code="a">Ram&#xED;rez Santiago, C&#xE9;sar</subfield>
    <subfield code="9">94265</subfield>
    <subfield code="e">coordinador</subfield>
  </datafield>
  <datafield tag="700" ind1="1" ind2=" ">
    <subfield code="a">Cruz Cruz, Joel</subfield>
    <subfield code="9">152233</subfield>
    <subfield code="e">colaborador</subfield>
  </datafield>
  <datafield tag="856" ind1="4" ind2="1">
    <subfield code="u">http://10.13.5.2/ve/TC707SAI/TC707SAI2016-REPORTE.pdf</subfield>
    <subfield code="y">DESCARGAR REPORTE</subfield>
  </datafield>
  <datafield tag="901" ind1=" " ind2=" ">
    <subfield code="a">T.C.707 R36  SAI 2016</subfield>
  </datafield>
  <datafield tag="902" ind1=" " ind2=" ">
    <subfield code="a">M</subfield>
  </datafield>
  <datafield tag="905" ind1=" " ind2=" ">
    <subfield code="a">5232272016                          mx dnl 8223123322spa16</subfield>
  </datafield>
  <datafield tag="942" ind1=" " ind2=" ">
    <subfield code="2">local</subfield>
  </datafield>
  <datafield tag="942" ind1=" " ind2=" ">
    <subfield code="c">VE</subfield>
  </datafield>
  <datafield tag="999" ind1=" " ind2=" ">
    <subfield code="c">172632</subfield>
    <subfield code="d">172632</subfield>
  </datafield>
  <datafield tag="952" ind1=" " ind2=" ">
    <subfield code="0">0</subfield>
    <subfield code="1">0</subfield>
    <subfield code="2">local</subfield>
    <subfield code="4">0</subfield>
    <subfield code="5">1</subfield>
    <subfield code="7">0</subfield>
    <subfield code="8">VE</subfield>
    <subfield code="a">IA_</subfield>
    <subfield code="b">IA_</subfield>
    <subfield code="d">2022-01-18</subfield>
    <subfield code="e">El autor</subfield>
    <subfield code="l">0</subfield>
    <subfield code="o">T.C.707 R36  SAI 2016</subfield>
    <subfield code="p">1106010169</subfield>
    <subfield code="r">2022-01-18 00:00:00</subfield>
    <subfield code="t">Ej. 3</subfield>
    <subfield code="w">2022-01-18</subfield>
    <subfield code="y">CD</subfield>
  </datafield>
  <datafield tag="952" ind1=" " ind2=" ">
    <subfield code="0">0</subfield>
    <subfield code="1">0</subfield>
    <subfield code="2">local</subfield>
    <subfield code="4">0</subfield>
    <subfield code="5">1</subfield>
    <subfield code="7">0</subfield>
    <subfield code="8">VE</subfield>
    <subfield code="a">IA_</subfield>
    <subfield code="b">IA_</subfield>
    <subfield code="d">2022-01-18</subfield>
    <subfield code="e">El autor</subfield>
    <subfield code="l">0</subfield>
    <subfield code="o">T.C.707 R36  SAI 2016</subfield>
    <subfield code="p">1106010167</subfield>
    <subfield code="r">2026-01-26 00:00:00</subfield>
    <subfield code="t">Ej. 1</subfield>
    <subfield code="w">2022-01-18</subfield>
    <subfield code="y">VE</subfield>
  </datafield>
  <datafield tag="952" ind1=" " ind2=" ">
    <subfield code="0">0</subfield>
    <subfield code="1">0</subfield>
    <subfield code="2">local</subfield>
    <subfield code="4">0</subfield>
    <subfield code="5">5</subfield>
    <subfield code="7">0</subfield>
    <subfield code="8">VE</subfield>
    <subfield code="a">IA_</subfield>
    <subfield code="b">IA_</subfield>
    <subfield code="d">2022-01-18</subfield>
    <subfield code="e">El autor</subfield>
    <subfield code="l">1</subfield>
    <subfield code="o">T.C.707 R36  SAI 2016</subfield>
    <subfield code="p">1106010168</subfield>
    <subfield code="r">2026-01-26 00:00:00</subfield>
    <subfield code="s">2024-05-20</subfield>
    <subfield code="t">Ej. 2</subfield>
    <subfield code="w">2022-01-18</subfield>
    <subfield code="y">VE</subfield>
  </datafield>
  <datafield tag="952" ind1=" " ind2=" ">
    <subfield code="0">0</subfield>
    <subfield code="1">0</subfield>
    <subfield code="2">local</subfield>
    <subfield code="4">0</subfield>
    <subfield code="7">0</subfield>
    <subfield code="8">VEE</subfield>
    <subfield code="a">IA_</subfield>
    <subfield code="b">IA_</subfield>
    <subfield code="c">E_L</subfield>
    <subfield code="d">2024-05-03</subfield>
    <subfield code="e">El autor</subfield>
    <subfield code="l">0</subfield>
    <subfield code="o">T.C.707 R36 SAI 2016</subfield>
    <subfield code="p">1206010167</subfield>
    <subfield code="r">2024-05-03 00:00:00</subfield>
    <subfield code="w">2024-05-03</subfield>
    <subfield code="y">VEE</subfield>
  </datafield>
</record>
